LEADER 01646nam--2200433---450- 001 990002983370203316 005 20071005110038.0 010 $a92-896-0306-6 035 $a000298337 035 $aUSA01000298337 035 $a(ALEPH)000298337USA01 035 $a000298337 100 $a20071005d2004----km-y0itay0103----ba 101 $aeng 102 $aLU 105 $a||||||||001yy 200 1 $aICT practitioner skills and training solutions at sub-degree and vocational level in Europe$eguidelines for ICT training and curriculum development$fA. Willi Petersen, Carsten Wehmeyer 210 $aLuxembourg$cOffice for official publications of the European Communities$d2004 215 $a141 p.$d30 cm 225 2 $aCEDEFOP Panorama series$v94 410 1$12001$aCEDEFOP Panorama series$v94 606 0 $aFormazione professionale$xGuide$yPaesi della Comunità europea 606 0 $aInternet$xImpiego nella formazione professionale 676 $a374.26 676 $a331.2592094 699 $a06.03$bFormazione professionale 700 1$aPETERSEN,$bA. Willi$0598572 701 1$aWEHMEYER,$bCarsten$0598573 712 02$aCENTRO EUROPEO PER LO SVILUPPO DELLA FORMAZIONE PROFESSIONALE 801 0$aIT$bsalbc$gISBD 912 $a990002983370203316 951 $aCDE 06.03 (LIII)$bCDE 1126$cCDE 06.03$d00149789 959 $aBK 969 $aCDE 979 $aMARIAS$b90$c20071005$lUSA01$h1057 979 $aMARIAS$b90$c20071005$lUSA01$h1100 979 $aMARIAS$b90$c20080220$lUSA01$h1232 996 $aICT practitioner skills and training solutions at sub-degree and vocational level in Europe$91028284 997 $aUNISA LEADER 01983nam 2200457 450 001 9910709691803321 005 20190624090219.0 035 $a(CKB)5470000002471314 035 $a(OCoLC)1059451436 035 $a(EXLCZ)995470000002471314 100 $a20181029j201801 ua 0 101 0 $aeng 135 $aur||||||||||| 181 $ctxt$2rdacontent 182 $cc$2rdamedia 183 $acr$2rdacarrier 200 10$aNew England and northern New York forest ecosystem vulnerability assessment and synthesis $ea report from the New England Climate Change Response Framework Project /$fMaria K. Janowiak [and thirty-three others] 210 1$aNewtown Square, PA :$cUSDA Forest Service,$dJanuary 2018. 215 $a1 online resource (234 pages) $cillustrations (some color) ; maps (some color) 225 1 $aGeneral technical report NRS ;$v173 300 $a"January 2018." 320 $aIncludes bibliographical references. 517 $aNew England and northern New York forest ecosystem vulnerability assessment and synthesis 606 $aForest ecology$zNortheastern States 606 $aForests and forestry$xClimatic factors$zNortheastern States$xForecasting 606 $aTrees$xClimatic factors$zNortheastern States$xForecasting 606 $aClimatic changes$zNortheastern States$xForecasting 607 $aNortheastern States$xEnvironmental conditions$xForecasting 608 $aTechnical reports.$2lcgft 615 0$aForest ecology 615 0$aForests and forestry$xClimatic factors$xForecasting. 615 0$aTrees$xClimatic factors$xForecasting. 615 0$aClimatic changes$xForecasting. 700 $aJanowiak$b Maria K.$01387244 712 02$aUnited States.$bForest Service.$bNorthern Research Station, 801 0$bGPO 801 1$bGPO 906 $aBOOK 912 $a9910709691803321 996 $aNew England and northern New York forest ecosystem vulnerability assessment and synthesis$93528468 997 $aUNINA